000 00646nam a2200217Ia 4500
005 20230325104834.0
008 131103s9999 xx 000 0 und d
020 _a0 13 628 933 9
040 _aLoreto College
041 _aEnglish
082 _a822.91
_bOCA-KIL
245 _aSean O' casy
_b a collection of critical essays
_cEdited by Thomas Kilroy
260 _aNew jersey
_ba Spectrum Book
_c1975c
300 _a174p.
504 _aIncludes bibliographical references
650 _aO' casy - 1880 - 1964 - criticism and interpretation
651 _aEnglish essays
700 _aKilroy, Thomas ed.
850 _aLCLIB
942 _cBK
999 _c22180
_d72659